000 00729cam a22002533a 4500
001 22436
003 PGUSA
005 20140828083458.0
008 070801s2007||||xxu|||||s|||||000 1 eng d
040 _aPGUSA
_beng
042 _adc
050 4 _aPR
100 1 _aHope, Anthony,
_d1863-1933
245 1 4 _aThe Prisoner of Zenda
_h[electronic resource] /
_cAnthony Hope
260 _bProject Gutenberg,
_c2007
506 _aPublic domain in the USA.
516 _aElectronic text
653 _aBritish -- Foreign countries -- Fiction
653 _aImpostors and imposture -- Fiction
653 _aAdventure stories
830 0 _aProject Gutenberg
_v22436
856 4 0 _uhttp://www.gutenberg.org/ebooks/22436
942 _cEB
999 _c251691
_d251691